120 bài báo cáo của chủ tịch Hồ Chí Minh

שמור ב:
מידע ביבליוגרפי
מחבר ראשי: Hồ, Chí Minh
מחברים אחרים: Nguyễn, Sông Lam ((tuyển chọn)), Bình Minh ((tuyển chọn))
פורמט: ספר
שפה:English
Vietnamese
יצא לאור: Hà Nội Thanh Niên 2010
נושאים:
תגים: הוספת תג
אין תגיות, היה/י הראשונ/ה לתייג את הרשומה!
Thư viện lưu trữ: Trung tâm Học liệu Lê Vũ Hùng, Trường Đại học Đồng Tháp
LEADER 00873pam a22002538a 4500
001 00041595
008 170505s1996 ||||||engsd
005 20180615090622.0
020 # # |c 65000 
041 0 # |a vie 
082 0 4 |a 335.464 6  |b M458TR 
100 1 # |a Hồ, Chí Minh 
245 1 0 |a 120 bài báo cáo của chủ tịch Hồ Chí Minh  |c Hồ Chí Minh; Nguyễn Sông Lam; Bình Minh (tuyển chọn) 
260 # # |b Thanh Niên  |c 2010  |a Hà Nội 
300 # # |a 403 tr.  |c 21 cm. 
653 # # |a Báo cáo 
653 # # |a Xã hội 
653 # # |a Tư tưởng Hồ Chí Minh 
653 # # |a Chính trị 
700 1 # |a Nguyễn, Sông Lam  |e (tuyển chọn) 
700 1 # |a Bình Minh  |e (tuyển chọn) 
852 # # |j KD.0023809 
910 |d 15/06/2018 
980 # # |a Trung tâm Học liệu Lê Vũ Hùng, Trường Đại học Đồng Tháp